Nirmal prabhar anupam abha (Record no. 2777)

MARC details
000 -LEADER
fixed length control field 00508cam a2200193ua 4500
001 - CONTROL NUMBER
control field 2931
005 - DATE AND TIME OF LATEST TRANSACTION
control field 20260515113615.0
008 - FIXED-LENGTH DATA ELEMENTS--GENERAL INFORMATION
fixed length control field 110919n ii |||gr||||Z||||||asm
040 ## - CATALOGING SOURCE
Transcribing agency MAIN
082 ## - DEWEY DECIMAL CLASSIFICATION NUMBER
Classification number 920
100 1# - MAIN ENTRY--PERSONAL NAME
Personal name Bhattacharyya, Parag Kumar,
Relator term Author.
245 11 - TITLE STATEMENT
Title Nirmal prabhar anupam abha
Statement of responsibility, etc. by Parag Kumar Bhattacharyya
250 ## - EDITION STATEMENT
Edition statement 1st.
260 ## - PUBLICATION, DISTRIBUTION, ETC.
Place of publication, distribution, etc. Guahati:
Name of publisher, distributor, etc. Banalata,991.
300 ## - PHYSICAL DESCRIPTION
Extent 136p:
Dimensions 23cm.
653 ## - INDEX TERM--UNCONTROLLED
Uncontrolled term Biography
653 ## - INDEX TERM--UNCONTROLLED
Uncontrolled term Biography of Nirmal prabhar anupam abha
942 ## - ADDED ENTRY ELEMENTS (KOHA)
Koha item type Books
Holdings
Withdrawn status Lost status Damaged status Not for loan Home library Current library Shelving location Date acquired Total checkouts Full call number Barcode Date last seen Copy number Price effective from Koha item type
        Naharkatiya College Library Naharkatiya College Library General stacks 09/19/2020   920 | BHA 9582 09/19/2020 1 09/19/2020 Books